Statistics for Pokémon GO: Lowest CP Fighting-type Pokémon

Click here to take the quiz!

General Stats

  • This quiz has been taken 17 times
    (8 since last reset)
  • The average score is 17 of 20

Answer Stats

Max CPAnswer% Correct
1445Machop
100%
924Makuhita
100%
1317Mankey
100%
784Meditite
100%
1123Riolu
100%
1487Timburr
100%
556Tyrogue
100%
1868Combusken
80%
1540Crabrawler
80%
1077Croagunk
80%
1893Farfetch'd (Galarian)
80%
1907Hakamo-o
80%
1618Medicham
80%
1570Mienfoo
80%
1780Monferno
80%
1468Pawmo
80%
2175Pignite
80%
1551Scraggy
80%
1529Stufful
80%
1683Pancham
60%

Score Distribution

Percentile by Number Answered

Percent of People with Each Score

Your Score History

You have not taken this quiz since the last reset